Ribs by Lorde lyrics - Statistics

General Stats
  • This quiz has been taken 760 times
  • The average score is 283 of 357
Answer Stats
Hint Answer % Correct
Bridge I
99%
you
98%
Chorus 1 | Verse 1 The
97%
the
97%
on
96%
get
95%
Pre-Chorus We
94%
we
94%
and
93%
And
93%
It
93%
it
93%
me
93%
so
93%
all
92%
getting
91%
old
91%
be
90%
drink
89%
over
89%
feel
87%
never
86%
repeat
86%
dad
85%
Lover's
85%
mom
85%
home
84%
stay
84%
let
83%
crazy
82%
left
82%
My
82%
scary
82%
time
82%
drives
81%
feels
81%
ribs
81%
good
80%
alone
79%
can
79%
divine
79%
make
79%
Refrain You're
79%
you're
79%
felt
78%
I've
78%
spilt
78%
friend
77%
midnight
77%
Chorus 2 | Verse 2 This
77%
How
76%
how
76%
more
76%
need
76%
only
76%
our
76%
dream
75%
wish
75%
would
75%
isn't
74%
like
74%
talk
74%
through
74%
We're
74%
we're
74%
feeling
72%
kids
72%
little
72%
streets
72%
sweet
72%
enough
71%
to
71%
want
71%
back
70%
Spit
69%
reeling
67%
that
67%
had
66%
Sharing
66%
sharing
66%
will
66%
beds
64%
But
58%
but
58%
til
57%
tough
54%
It's
53%
laughing
53%
not
48%
em
47%
minds
47%
thoughts
47%
heads
43%
round
33%
Moved
28%
moved
28%
lack
24%
No matching quizzes found
Score Distribution
Percent of People with Each Score
Percentile by Number Answered
Your Score History
You have not taken this quiz